000 00728nam a2200181 i 4500
001 167731
003 ES-MaACL
005 20230906213602.0
008 050927s1903 sp ad | |||||||| ||spa d
040 _aCAM
_bspa
_cCAM
100 1 _aVives y Vich, Pedro.
_9115599
245 1 0 _aDetalles de la ascensión libre del globo "Marte" el día 2 de abril de 1903 /
_cpor Pedro Vives y Vich.
260 _aMadrid :
_b[s.n.],
_c1903 (
_fImprenta del Memorial de Ingenieros)
300 _a15 p. :
_bgráf. ;
_c26 cm.
650 4 _aAerostática-
_zEspaña-
_vFuentes.
_9135511
650 4 _aMeteorología-
_xObservaciones.
_9161087
852 _aES-MaACL
_jT-1051-F-6
_z-- Enc. hol., conservando la cub. original
_z-- Enc. en un vol. facticio
999 _c167731
_d167731